LIBRARY & INFORMATION CENTRE, KCAET, TAVANUR

ONLINE PUBLIC ACCESS CATALOGUE (OPAC)

Preparation of topographic map using total station and GNSS (Record no. 15122)

MARC details
000 -LEADER
fixed length control field 00722nam a22002057a 4500
003 - CONTROL NUMBER IDENTIFIER
control field OSt
088 ## - REPORT NUMBER
Report number P 329
100 ## - MAIN ENTRY--AUTHOR NAME
Personal name ARCHANA K
245 ## - TITLE STATEMENT
Title Preparation of topographic map using total station and GNSS
260 ## - PUBLICATION, DISTRIBUTION, ETC. (IMPRINT)
Place of publication Tavanur 2016
Name of publisher Department of Land and Water Resources & Conservation Engineering
300 ## - PHYSICAL DESCRIPTION
Number of Pages 70
500 ## - GENERAL NOTE
General note Preparation of topographic map using total station and GNSS
520 ## - SUMMARY, ETC.
Summary, etc Preparation of topographic map using total station and GNSS
700 ## - ADDED ENTRY--PERSONAL NAME
Personal name Murshida Nusrath P
700 ## - ADDED ENTRY--PERSONAL NAME
Personal name Sreeja K
700 ## - ADDED ENTRY--PERSONAL NAME
Personal name Dr. Sathian K. K (Guide)
856 ## - ELECTRONIC LOCATION AND ACCESS
Uniform Resource Identifier https://drive.google.com/open?id=1PsIUpHQI93hG5GGwP1Q5uFQbicazFM1m
942 ## - ADDED ENTRY ELEMENTS (KOHA)
Koha item type Project Report
Holdings
Collection code Home library Current library Shelving location Full call number Accession Number Koha item type
Reference KAUAET KAUAET Reference 631.75807 ARC/PR P 329 Project Report
free website counter